Revista de Desarrollo Económico/
Gespeichert in:
| Format: | Buch |
|---|---|
| Sprache: | Spanish |
| Veröffentlicht: |
Washington D.C.:
Fundación de la Cámara Nacional,
1986-
|
| Schlagworte: | |
| Tags: |
Tag hinzufügen
Keine Tags, Fügen Sie den ersten Tag hinzu!
|
MARC
| LEADER | 00000nam a22000007a 4500 | ||
|---|---|---|---|
| 003 | cru CIDCACS/IIS | ||
| 005 | 20200521144526.0 | ||
| 007 | ta | ||
| 008 | 200514|1986 wauq||p|r||||||0| ||spa|d | ||
| 999 | |c 43139 |d 43139 | ||
| 040 | |c cru CIDCACS/IIS | ||
| 090 | |a REV0872 | ||
| 245 | |a Revista de Desarrollo Económico/ |c Fundación de la Cámara Nacional | ||
| 260 | |a Washington D.C.: |b Fundación de la Cámara Nacional, |c 1986- | ||
| 270 | |a 1615 h Street, N.W, Washington D.C. | ||
| 500 | |a EXISTENCIAS: 1986 1 (1-2, 4) 1988 3 (2) 1989-1990 3-4 (1, 3) Trimestral | ||
| 650 | 1 | 0 | |9 71 |a DESARROLLO ECONOMICO Y SOCIAL |
| 650 | 1 | 0 | |9 1642 |a PAISES EN DESARROLLO |
| 650 | 1 | 0 | |9 1088 |a COMERCIALIZACION |
| 650 | 1 | 0 | |9 288 |a EMPLEO |
| 650 | 1 | 0 | |9 284 |a POBREZA |
| 942 | |2 ddc |c PP | ||
